00271nam a22001097a 4500020002000000082001900020100001800039245004800057260003500105300000800140650001300148 a139788172210779 a324.245408 PUN aPuniyani, Ram aIndian Nationalism Verses Hindu Nationalism aNew DelhibPharos Media c2016 a235 aHindutva